00464nam a2200181 a 4500001001300000003000900013005001700022008004100039020001000080082001500090245005100105260003100156300000800187500003500195505001300230650002000243710001900263nice12345678IN_TiNIC20260116012514.0050524s1960 mada grp 000 0 urd  ac10000a297.8bJAM aJamat-E-Islami Ulmai Arab-O-Ajam Ki Nazar Men. aMadrasbMadina Pressc1960 a24p aincludes index and biblioraphy2 aAppendix aJamaat-E-Islami2 aJamat-E-Islami